000 00858nas a2200289 4500
001 BR9505959
003 BR-BrBNA
005 20231205094231.0
007 ta
008 230509b bl.|||p| |||| 00| 00por d
040 _aBR-BrBNA
_bpor
_cBiblioteca Nacional de Agricultura
041 _a(Pt)
072 _aF06; F04
100 1 _aCosta, T.M.P.
100 1 _aSouza, R.J. de
100 1 _aSilva, A.M. da
245 1 _aEfeitos de diferentes laminas de agua e doses de nitrogenio sobre a cultura do alho (Allium sativum L. cv. Jureia)
650 _aIrrigacao
650 _aAlho
650 _aBulbo
650 _aBrotacao
650 _aNitrogenio
650 _aAdubacao
773 0 _tCiencia e Pratica (Brazil)
_xISSN 0100-3267
_g(Jul-Sep 1993), v. 17(3) p. 239-246
_wBR9505959
909 _a202311
_bLúcia
_c55
_dLúcia Elande
942 _2AGRIS
_n0
_cANA
999 _c142982
_d142982